[Event "Madrid ch 2021-2022 Semifinal"]
[Site "Madrid ESP"]
[Date "2022.05.08"]
[Round "5.10"]
[White "Marcos Herrero, Francisco"]
[Black "Barez Menendez, Hector"]
[Result "1/2-1/2"]
[WhiteElo "1939"]
[BlackElo "2066"]
[PlyCount "152"]
[EventDate "2022.05.04"]
[EventType "swiss"]
[EventRounds "9"]
[EventCountry "ESP"]
[SourceTitle "Ajedrez en Madrid"]
[Source "lmi"]
[SourceDate "2022.05.04"]
[SourceVersion "1"]
[SourceVersionDate "2022.05.15"]
[SourceQuality "1"]

1. Nf3 d5 2. d4 e6 3. c4 Nf6 4. g3 Be7 5. Bg2 O-O 6. O-O c6 7. Qc2 Nbd7 8. Nbd2
b6 9. e4 Bb7 10. e5 Ne8 11. cxd5 cxd5 12. Re1 Rc8 13. Qa4 Bc6 14. Qb3 b5 15.
Bf1 Qb6 16. Bd3 b4 17. Nf1 h6 18. g4 Nc7 19. Ng3 Nb5 20. Be3 Rfe8 21. Bb1 a5
22. Qd3 Nf8 23. Nh5 a4 24. Qd2 a3 25. Bxh6 g6 26. Bxf8 Bxf8 27. Nf6+ Kg7 28.
Qg5 Be7 29. Bxg6 fxg6 30. Nh4 Rh8 31. Nxg6 Kf7 32. Nxe7 Nxd4 33. Qg6+ Kxe7 34.
Qg7+ Kd8 35. Qxh8+ Kc7 36. Qh7+ Kb8 37. bxa3 Nf3+ 38. Kg2 d4 39. Nd7+ Bxd7 40.
Qxd7 Nxe1+ 41. Rxe1 bxa3 42. Qd6+ Kb7 43. Qxa3 Rc3 44. Qe7+ Ka8 45. Qe8+ Kb7
46. Qd7+ Rc7 47. Qa4 Rc3 48. Re4 Rd3 49. Qc4 Rd2 50. Re2 Rxe2 51. Qxe2 Kc7 52.
Qc2+ Kd8 53. Qc4 Ke7 54. f4 Qb7+ 55. Kg3 Qe4 56. Qc7+ Kf8 57. Qd8+ Kg7 58. Qe7+
Kh8 59. Qxe6 Qe3+ 60. Kh4 Qxf4 61. Qe8+ Kg7 62. Qd7+ Kh8 63. Qd6 Qxh2+ 64. Kg5
Qd2+ 65. Kg6 Qd3+ 66. Kf6 Qf3+ 67. Ke7 Qxg4 68. Qh6+ Kg8 69. Qf8+ Kh7 70. Kd6
d3 71. Qf7+ Kh6 72. e6 d2 73. Qf6+ Kh7 74. Qf7+ Kh6 75. Qf6+ Kh7 76. Qf7+ Kh6
1/2-1/2

[Event "Madrid ch 2021-2022 Semifinal"]
[Site "Madrid ESP"]
[Date "2022.05.08"]
[Round "5.11"]
[White "Simonyan, Arturo"]
[Black "Rey Martinez, Jaime"]
[Result "1/2-1/2"]
[WhiteElo "1895"]
[BlackElo "2055"]
[PlyCount "126"]
[EventDate "2022.05.04"]
[EventType "swiss"]
[EventRounds "9"]
[EventCountry "ESP"]
[SourceTitle "Ajedrez en Madrid"]
[Source "lmi"]
[SourceDate "2022.05.04"]
[SourceVersion "1"]
[SourceVersionDate "2022.05.15"]
[SourceQuality "1"]

1. e4 c5 2. Nf3 d6 3. d4 cxd4 4. Nxd4 Nf6 5. Nc3 a6 6. Be3 e5 7. Nb3 Be6 8. f3
Nbd7 9. Qd2 b5 10. O-O-O h5 11. Nd5 Rc8 12. Qa5 Qxa5 13. Nxa5 Nc5 14. Nxf6+
gxf6 15. Kb1 f5 16. Bxc5 dxc5 17. exf5 Bxf5 18. Bd3 Bxd3 19. Rxd3 Bg7 20. Rd6
O-O 21. Rhd1 Rfe8 22. Rxa6 e4 23. fxe4 Rxe4 24. Rad6 Re2 25. R6d2 Rce8 26. a3
Bh6 27. Rxe2 Rxe2 28. Rd5 Rxg2 29. Rxh5 Be3 30. Nb7 Rg1+ 31. Ka2 Rg2 32. Rh3
Bf4 33. Nxc5 Rxc2 34. Nd3 Bxh2 35. Kb3 Re2 36. Kb4 Be5 37. Nxe5 Rxe5 38. Rc3 f5
39. Rc5 Rxc5 40. Kxc5 f4 41. Kd4 Kf7 42. Ke4 Ke6 43. b3 f3 44. Kxf3 Kf5 45. Ke3
Ke5 46. Kd3 Kd5 47. Kd2 Kd6 48. Ke2 Ke6 49. Kf3 Kf5 50. b4 Ke5 51. Ke3 Kd5 52.
Kd3 Kc6 53. Kc2 Kd6 54. Kd3 Ke5 55. Kc3 Kd5 56. Kb2 Kd6 57. Kb3 Kc6 58. Kc2 Kd6
59. Kd2 Kc6 60. Kd3 Kd5 61. Kc3 Kc6 62. Kd4 Kd6 63. Ke4 Ke6 1/2-1/2

[Event "Madrid ch 2021-2022 Semifinal"]
[Site "Madrid ESP"]
[Date "2022.05.08"]
[Round "5.12"]
[White "Portero Rubio, Martin"]
[Black "Vaquerizo Calvo, Miguel Arturo"]
[Result "0-1"]
[WhiteElo "1868"]
[BlackElo "2057"]
[PlyCount "74"]
[EventDate "2022.05.04"]
[EventType "swiss"]
[EventRounds "9"]
[EventCountry "ESP"]
[SourceTitle "Ajedrez en Madrid"]
[Source "lmi"]
[SourceDate "2022.05.04"]
[SourceVersion "1"]
[SourceVersionDate "2022.05.15"]
[SourceQuality "1"]

1. e4 e6 2. Qe2 e5 3. Nf3 Nc6 4. c3 Nf6 5. d4 exd4 6. cxd4 Bb4+ 7. Nc3 O-O 8.
Bg5 h6 9. Bxf6 Qxf6 10. e5 Qe6 11. a3 Bxc3+ 12. bxc3 d6 13. Qd2 Qe7 14. Qe3
dxe5 15. d5 Na5 16. Be2 Bg4 17. O-O Bxf3 18. Bxf3 Nc4 19. Qd3 Nd6 20. Rfe1 f5
21. g3 Qf6 22. Bg2 e4 23. Qd4 Qxd4 24. cxd4 Rad8 25. Rec1 Rf7 26. Rab1 g5 27.
Rc5 Kg7 28. Rbc1 Rdd7 29. Bf1 a6 30. a4 Rde7 31. Be2 Kg6 32. a5 h5 33. Bd1 f4
34. Bc2 Kh6 35. Bb3 e3 36. Re1 exf2+ 37. Kxf2 fxg3+ 0-1

[Event "Madrid ch 2021-2022 Semifinal"]
[Site "Madrid ESP"]
[Date "2022.05.08"]
[Round "5.13"]
[White "Palomo Monserrat, Lorenzo"]
[Black "Lopez Herrero, Israel"]
[Result "0-1"]
[WhiteElo "1862"]
[BlackElo "1824"]
[PlyCount "92"]
[EventDate "2022.05.04"]
[EventType "swiss"]
[EventRounds "9"]
[EventCountry "ESP"]
[SourceTitle "Ajedrez en Madrid"]
[Source "lmi"]
[SourceDate "2022.05.04"]
[SourceVersion "1"]
[SourceVersionDate "2022.05.15"]
[SourceQuality "1"]

1. d4 Nf6 2. c4 g6 3. Nc3 Bg7 4. e4 d6 5. Nf3 O-O 6. Be2 Nbd7 7. O-O e5 8. Be3
b6 9. d5 Nc5 10. Qc2 Ng4 11. Bg5 f6 12. Bh4 g5 13. Bg3 h5 14. h3 Nh6 15. b4 Na6
16. a3 h4 17. Bh2 f5 18. exf5 Bxf5 19. Bd3 e4 20. Bxe4 Bxc3 21. Bxf5 Bxa1 22.
Be6+ Kg7 23. Rxa1 Qf6 24. Re1 Rae8 25. Re5 Nf7 26. Re4 Nd8 27. Nd4 Qg6 28. Nf5+
Rxf5 29. Bxf5 Qxf5 30. Qc3+ Kf7 31. Rxe8 Kxe8 32. Kh1 Nf7 33. Qb3 Ke7 34. Qa4
Qc8 35. c5 bxc5 36. b5 Nb8 37. Qe4+ Kf8 38. f4 Qe8 39. Qh7 Qe1+ 40. Bg1 gxf4
41. Qf5 Qg3 42. Qc8+ Kg7 43. Qxb8 f3 44. gxf3 Qxh3+ 45. Bh2 Qxf3+ 46. Kg1 h3
0-1

[Event "Madrid ch 2021-2022 Semifinal"]
[Site "Madrid ESP"]
[Date "2022.05.08"]
[Round "5.14"]
[White "Torres Rebolledo, Alvaro"]
[Black "Neagu, Roberto Florin"]
[Result "0-1"]
[WhiteElo "1839"]
[BlackElo "2076"]
[PlyCount "126"]
[EventDate "2022.05.04"]
[EventType "swiss"]
[EventRounds "9"]
[EventCountry "ESP"]
[SourceTitle "Ajedrez en Madrid"]
[Source "lmi"]
[SourceDate "2022.05.04"]
[SourceVersion "1"]
[SourceVersionDate "2022.05.15"]
[SourceQuality "1"]

1. e4 c5 2. b4 cxb4 3. a3 d5 4. exd5 Qxd5 5. Nf3 Bg4 6. axb4 Bxf3 7. Qxf3 Qxf3
8. gxf3 Nc6 9. b5 Nd4 10. Ra4 e5 11. f4 Nxc2+ 12. Kd1 Nd4 13. fxe5 Bc5 14. Ba3
Ne6 15. Bg2 Ne7 16. Bxc5 Nxc5 17. Rc4 Ne6 18. Nc3 O-O 19. Kc1 Rac8 20. Rxc8
Rxc8 21. Bxb7 Rc5 22. Kb2 Nd4 23. Ra1 Nxb5 24. Kb3 Nxc3 25. Rxa7 g5 26. dxc3
Kg7 27. Kb4 Rc7 28. c4 Nc8 29. Bxc8 Rxa7 30. c5 Kf8 31. Kb5 Ke7 32. Kb6 Ra2 33.
Bf5 Rxf2 34. Bxh7 Kd7 35. Bd3 Rb2+ 36. Bb5+ Kc8 37. c6 Rb1 38. c7 Rb2 39. h3
Rb1 40. Kc6 Rc1+ 41. Kd6 Rxc7 42. e6 fxe6 43. Kxe6 Rc3 44. Bf1 Re3+ 45. Kd6 Kd8
46. Kd5 Ke7 47. Kd4 Re1 48. Bg2 Kf6 49. Be4 Re2 50. Bf3 Re8 51. Bg4 Rd8+ 52.
Ke4 Rd6 53. Bh5 Re6+ 54. Kf3 Re1 55. Bg4 Ke5 56. Kf2 Ra1 57. Kg3 Ra3+ 58. Kf2
Kf4 59. Ke2 Ra2+ 60. Kd3 Rh2 61. Kd4 Kg3 62. Ke4 Rxh3 63. Kf5 Rh8 0-1

[Event "Madrid ch 2021-2022 Semifinal"]
[Site "Madrid ESP"]
[Date "2022.05.08"]
[Round "5.15"]
[White "Bello Burguet, Glenier Lazaro"]
[Black "Baeza Escudero, Javier"]
[Result "1-0"]
[WhiteElo "1993"]
[BlackElo "1874"]
[PlyCount "51"]
[EventDate "2022.05.04"]
[EventType "swiss"]
[EventRounds "9"]
[EventCountry "ESP"]
[SourceTitle "Ajedrez en Madrid"]
[Source "lmi"]
[SourceDate "2022.05.04"]
[SourceVersion "1"]
[SourceVersionDate "2022.05.15"]
[SourceQuality "1"]

1. c4 Nf6 2. Nc3 g6 3. e4 d6 4. d4 Bg7 5. Be2 O-O 6. Be3 Nbd7 7. h4 h5 8. f3 c5
9. d5 Ne5 10. Qd2 Re8 11. Nh3 e6 12. Ng5 exd5 13. Nxd5 b6 14. Rd1 Nh7 15. b3
Nc6 16. Nxh7 Kxh7 17. g4 Nd4 18. gxh5 gxh5 19. Kf2 f5 20. Rdg1 Qd7 21. Rg5 fxe4
22. Rhg1 Nf5 23. Rxg7+ Qxg7 24. Rxg7+ Kxg7 25. Qb2+ Re5 26. f4 1-0

[Event "Madrid ch 2021-2022 Semifinal"]
[Site "Madrid ESP"]
[Date "2022.05.08"]
[Round "5.16"]
[White "Santamaria Baeza, Adolfo"]
[Black "Feal Albala, Alonso"]
[Result "1-0"]
[WhiteElo "1870"]
[BlackElo "1892"]
[PlyCount "55"]
[EventDate "2022.05.04"]
[EventType "swiss"]
[EventRounds "9"]
[EventCountry "ESP"]
[SourceTitle "Ajedrez en Madrid"]
[Source "lmi"]
[SourceDate "2022.05.04"]
[SourceVersion "1"]
[SourceVersionDate "2022.05.15"]
[SourceQuality "1"]

1. e4 c5 2. Nf3 Nc6 3. Nc3 Nf6 4. Bc4 e6 5. d3 a6 6. a4 Be7 7. O-O O-O 8. e5
Ng4 9. Re1 Qc7 10. Bf4 f6 11. exf6 Qxf4 12. fxe7 Nxe7 13. Re4 Qf5 14. h3 Nh6
15. Re5 Qf7 16. Rxc5 d5 17. Bb3 Ng6 18. Qe2 Qe7 19. d4 b6 20. Rxd5 Nf4 21. Qe3
Bb7 22. Re5 Rf6 23. Ne4 Bxe4 24. Qxe4 Raf8 25. Ng5 Rg6 26. Nxe6 Nxh3+ 27. Kh2
Rf7 28. Qa8+ 1-0

[Event "Madrid ch 2021-2022 Semifinal"]
[Site "Madrid ESP"]
[Date "2022.05.08"]
[Round "5.18"]
[White "Alvarez Abejon, Amilcar"]
[Black "Lorenzo Bailador, Alfredo"]
[Result "0-1"]
[WhiteElo "1982"]
[BlackElo "1962"]
[PlyCount "110"]
[EventDate "2022.05.04"]
[EventType "swiss"]
[EventRounds "9"]
[EventCountry "ESP"]
[SourceTitle "Ajedrez en Madrid"]
[Source "lmi"]
[SourceDate "2022.05.04"]
[SourceVersion "1"]
[SourceVersionDate "2022.05.15"]
[SourceQuality "1"]

1. d4 d5 2. Bf4 Bf5 3. c4 e6 4. Nc3 c6 5. Qb3 Qb6 6. c5 Qxb3 7. axb3 Nd7 8. e3
a6 9. Nf3 Be7 10. b4 Rc8 11. Nd2 Bd8 12. Nb3 Bc7 13. Bxc7 Rxc7 14. Be2 Ne7 15.
Na5 O-O 16. f3 e5 17. Kd2 Rb8 18. Rhe1 f6 19. f4 exd4 20. exd4 Nf8 21. Bd3 Bxd3
22. Kxd3 h5 23. Re2 Nf5 24. Rae1 Kf7 25. g3 Ng6 26. Rf2 Rh8 27. Nd1 Nge7 28.
Ne3 Nxe3 29. Rxe3 Nf5 30. Re1 Rh6 31. Rfe2 Rg6 32. Rg1 Rg4 33. Rgg2 h4 34. Rg1
hxg3 35. hxg3 Rxg3+ 36. Rxg3 Nxg3 37. Rh2 Kg8 38. Rg2 Nf5 39. Re2 Kf7 40. Re1
Nh6 41. Re2 Ng8 42. Re3 Ne7 43. Rh3 Ng6 44. Rf3 Re7 45. Rf2 Re4 46. Nxb7 Nxf4+
47. Kd2 Ke7 48. Kc3 Ne2+ 49. Kd3 Nxd4 50. Nd6 Rg4 51. Rh2 Nb5 52. Re2+ Kd7 53.
Nf5 g6 54. Ne3 Rd4+ 55. Kc2 Rxb4 0-1

[Event "Madrid ch 2021-2022 Semifinal"]
[Site "Madrid ESP"]
[Date "2022.05.09"]
[Round "6.1"]
[White "Ruiz Buendia, Miguel"]
[Black "Horcajuelo Rocamora, Martin"]
[Result "0-1"]
[WhiteElo "2162"]
[BlackElo "2126"]
[PlyCount "90"]
[EventDate "2022.05.04"]
[EventType "swiss"]
[EventRounds "9"]
[EventCountry "ESP"]
[SourceTitle "Ajedrez en Madrid"]
[Source "lmi"]
[SourceDate "2022.05.04"]
[SourceVersion "1"]
[SourceVersionDate "2022.05.15"]
[SourceQuality "1"]

1. e4 c5 2. Nf3 d6 3. d4 cxd4 4. Nxd4 Nf6 5. Nc3 a6 6. Be3 e5 7. Nb3 Be7 8. f3
Be6 9. Qd2 h5 10. Nd5 Nxd5 11. exd5 Bf5 12. Be2 a5 13. a4 O-O 14. O-O Nd7 15.
Bb5 Rc8 16. c4 b6 17. Nc1 Nc5 18. b4 axb4 19. Qxb4 h4 20. a5 bxa5 21. Rxa5 Bg5
22. Ra3 Bxe3+ 23. Rxe3 Qg5 24. Qd2 Ra8 25. Re2 Qg6 26. f4 Bg4 27. Re3 exf4 28.
Rxf4 Ra1 29. Rf1 Bf5 30. Qd4 Qg5 31. Qc3 Rfa8 32. Re8+ Rxe8 33. Bxe8 Ra7 34.
Qf3 g6 35. Qf4 Qxf4 36. Rxf4 Ra1 37. Rf1 Kg7 38. g3 h3 39. Bb5 Be4 40. Ne2 Ra2
41. Nf4 g5 42. Nh5+ Kg6 43. Nf6 Rg2+ 44. Kh1 Rf2+ 45. Nxe4 Rxf1# 0-1

[Event "Madrid ch 2021-2022 Semifinal"]
[Site "Madrid ESP"]
[Date "2022.05.09"]
[Round "6.2"]
[White "Centeno Mendoza, Julio Stefano"]
[Black "Torres Boch, Jose F."]
[Result "1/2-1/2"]
[WhiteElo "2050"]
[BlackElo "2134"]
[PlyCount "58"]
[EventDate "2022.05.04"]
[EventType "swiss"]
[EventRounds "9"]
[EventCountry "ESP"]
[SourceTitle "Ajedrez en Madrid"]
[Source "lmi"]
[SourceDate "2022.05.04"]
[SourceVersion "1"]
[SourceVersionDate "2022.05.15"]
[SourceQuality "1"]

1. e4 e5 2. Nc3 Nc6 3. Bc4 Nf6 4. d3 Na5 5. Bg5 Bb4 6. Nge2 h6 7. Bxf6 Qxf6 8.
O-O c6 9. a3 Bxc3 10. Nxc3 Nxc4 11. dxc4 d6 12. Qd3 Bg4 13. f3 Bh5 14. Rad1 Rd8
15. b4 O-O 16. Rd2 Qg5 17. Rfd1 f5 18. exf5 Rxf5 19. Ne4 Rxf3 20. Qxf3 Bxf3 21.
Nxg5 Bxd1 22. Ne6 Re8 23. Nc7 Re7 24. Rxd1 Rxc7 25. Rxd6 Kf7 26. Kf2 Ke7 27.
Rg6 Kf7 28. Rd6 Ke7 29. Rg6 Kf7 1/2-1/2

[Event "Madrid ch 2021-2022 Semifinal"]
[Site "Madrid ESP"]
[Date "2022.05.09"]
[Round "6.3"]
[White "Rottenwohrer Suarez, Juan"]
[Black "Barraza Caracuel, Ignacio"]
[Result "1-0"]
[WhiteElo "2256"]
[BlackElo "2100"]
[PlyCount "102"]
[EventDate "2022.05.04"]
[EventType "swiss"]
[EventRounds "9"]
[EventCountry "ESP"]
[SourceTitle "Ajedrez en Madrid"]
[Source "lmi"]
[SourceDate "2022.05.04"]
[SourceVersion "1"]
[SourceVersionDate "2022.05.15"]
[SourceQuality "1"]

1. c4 e5 2. g3 c5 3. Bg2 Nc6 4. Nc3 g6 5. Nf3 Bg7 6. O-O Nge7 7. Ne1 O-O 8. Nc2
d6 9. a3 a5 10. Rb1 Be6 11. Ne3 Qd7 12. Ncd5 Rae8 13. d3 f5 14. b4 axb4 15.
axb4 Nxb4 16. Nxb4 cxb4 17. Rxb4 e4 18. Bd2 d5 19. Nxd5 Nxd5 20. cxd5 Bxd5 21.
dxe4 fxe4 22. Be3 Qe6 23. Bd4 Rf7 24. Bxg7 Rxg7 25. Qd4 Bc6 26. Qe3 Rge7 27.
Rd1 Qf5 28. h4 Re5 29. Qb3+ Kg7 30. e3 R5e7 31. Rbd4 Rf7 32. R1d2 Rfe7 33. Bf1
Qe5 34. Bc4 Ra8 35. Qd1 Qf6 36. Kh2 Rf8 37. Bb3 Re5 38. Rd6 Qf5 39. Ba4 Bxa4
40. Qxa4 Re7 41. Qb4 Ref7 42. Rb6 Qc8 43. Kg2 Re8 44. Qd4+ Kh6 45. Qd5 Qc7 46.
Rdb2 Ree7 47. Qg5+ Kg7 48. h5 Re5 49. h6+ Kg8 50. Qg4 Ref5 51. R6b4 Qc8 1-0

[Event "Madrid ch 2021-2022 Semifinal"]
[Site "Madrid ESP"]
[Date "2022.05.09"]
[Round "6.4"]
[White "Martinez Fernandez, Raul"]
[Black "Pindado Campos, Raul"]
[Result "1/2-1/2"]
[WhiteElo "2204"]
[BlackElo "2073"]
[PlyCount "91"]
[EventDate "2022.05.04"]
[EventType "swiss"]
[EventRounds "9"]
[EventCountry "ESP"]
[SourceTitle "Ajedrez en Madrid"]
[Source "lmi"]
[SourceDate "2022.05.04"]
[SourceVersion "1"]
[SourceVersionDate "2022.05.15"]
[SourceQuality "1"]

1. e4 c5 2. Nf3 d6 3. Bb5+ Nd7 4. d4 cxd4 5. Qxd4 a6 6. Bxd7+ Bxd7 7. c4 b5 8.
Nc3 e5 9. Qd3 bxc4 10. Qxc4 Nf6 11. Ng5 Qe7 12. O-O h6 13. Nf3 Qe6 14. Nd5 Nxd5
15. exd5 Qg4 16. Qc7 Rc8 17. Qb7 Bb5 18. Re1 Qd7 19. Qb6 Be7 20. b3 Qc7 21. Be3
Qxb6 22. Bxb6 O-O 23. Rac1 Rfe8 24. g3 g5 25. g4 Bd7 26. h3 f5 27. Nh2 Kf7 28.
f3 Kg6 29. Nf1 h5 30. Ne3 hxg4 31. hxg4 fxg4 32. Nxg4 Rf8 33. Kg2 Rxc1 34. Rxc1
e4 35. Rc7 exf3+ 36. Kg3 Bxg4 37. Rxe7 Bf5 38. Ra7 Be4 39. Rxa6 Bxd5 40. Bc5
Rf6 41. Rxd6 Rxd6 42. Bxd6 Kf5 43. Be7 g4 44. Bh4 Be6 45. Kf2 Ke4 46. Bg3
1/2-1/2

[Event "Madrid ch 2021-2022 Semifinal"]
[Site "Madrid ESP"]
[Date "2022.05.09"]
[Round "6.5"]
[White "Gueler Berdasco, Martin"]
[Black "Bravo De La Vega, Alvaro"]
[Result "0-1"]
[WhiteElo "1946"]
[BlackElo "2082"]
[PlyCount "112"]
[EventDate "2022.05.04"]
[EventType "swiss"]
[EventRounds "9"]
[EventCountry "ESP"]
[SourceTitle "Ajedrez en Madrid"]
[Source "lmi"]
[SourceDate "2022.05.04"]
[SourceVersion "1"]
[SourceVersionDate "2022.05.15"]
[SourceQuality "1"]

1. c4 Nf6 2. g3 e6 3. Bg2 d5 4. Nf3 Be7 5. O-O O-O 6. d4 c6 7. b3 b6 8. Bb2 Bb7
9. Nc3 Nbd7 10. e4 Nxe4 11. Nxe4 dxe4 12. Ne5 f5 13. f3 Nxe5 14. dxe5 exf3 15.
Qxf3 Bc5+ 16. Kh1 Qe7 17. Rad1 Rad8 18. Bc3 a5 19. Qe2 Rxd1 20. Rxd1 Rd8 21.
Rd3 g6 22. Bf3 Kf7 23. Bd2 Rxd3 24. Qxd3 Ke8 25. Be3 a4 26. Kg2 axb3 27. axb3
Bxe3 28. Qxe3 c5 29. Qh6 Bxf3+ 30. Kxf3 Qb7+ 31. Kf2 Qe7 32. h4 Kd7 33. h5 gxh5
34. Qxh5 Kc7 35. Qh6 Qd7 36. Ke2 b5 37. Qf8 Qc6 38. Qe7+ Kb6 39. Kf2 bxc4 40.
bxc4 Ka5 41. Qxh7 Kb4 42. Qh4 Qa4 43. Qe7 Qc2+ 44. Ke3 Qc3+ 45. Kf2 Qd4+ 46.
Kg2 Kxc4 47. Qd6 Qd5+ 48. Kf2 Kd4 49. Kf1 c4 50. Ke2 Ke4 51. Qc7 Qd3+ 52. Kf2
Qf3+ 53. Ke1 Qxg3+ 54. Ke2 Qd3+ 55. Ke1 c3 56. Qc5 Qe3+ 0-1

[Event "Madrid ch 2021-2022 Semifinal"]
[Site "Madrid ESP"]
[Date "2022.05.09"]
[Round "6.6"]
[White "De La Puerta Cresis, Javier"]
[Black "Ruiz Vazquez, Javier"]
[Result "0-1"]
[WhiteElo "2128"]
[BlackElo "1960"]
[PlyCount "129"]
[EventDate "2022.05.04"]
[EventType "swiss"]
[EventRounds "9"]
[EventCountry "ESP"]
[SourceTitle "Ajedrez en Madrid"]
[Source "lmi"]
[SourceDate "2022.05.04"]
[SourceVersion "1"]
[SourceVersionDate "2022.05.15"]
[SourceQuality "1"]

1. d4 Nf6 2. c4 g6 3. Nc3 d5 4. Nf3 Bg7 5. Qb3 dxc4 6. Qxc4 O-O 7. e4 c6 8. Be2
b5 9. Qd3 b4 10. Na4 Qa5 11. Nc5 Rd8 12. O-O Nfd7 13. Nb3 Qc7 14. Bg5 Ne5 15.
Bf4 Ba6 16. Qe3 Nxf3+ 17. Qxf3 e5 18. Bxe5 Bxe5 19. dxe5 Bxe2 20. Qxe2 Qxe5 21.
Rac1 a5 22. Nc5 Nd7 23. Nxd7 Rxd7 24. Rxc6 Rad8 25. Rc2 Rd4 26. f3 a4 27. Rfc1
Qe6 28. a3 Qb6 29. Kh1 bxa3 30. bxa3 Qd6 31. h4 Qxa3 32. h5 Qe7 33. hxg6 hxg6
34. Rc8 Kh7 35. Rxd8 Qxd8 36. Qe3 Rd1+ 37. Rxd1 Qxd1+ 38. Kh2 Qb3 39. Qf4 a3
40. Qh4+ Kg7 41. e5 Qe6 42. Qd4 a2 43. Kg3 g5 44. Kf2 Kg6 45. Qd3+ Kh6 46. Qc3
Qb6+ 47. Kg3 Qe6 48. Kf2 Kg7 49. Qb2 Qa6 50. e6+ f6 51. e7 Kf7 52. Qa1 Kxe7 53.
Kg3 Qa4 54. Kh2 Qb3 55. Qd4 Qb8+ 56. g3 Qb1 57. Qc5+ Kf7 58. Qd5+ Kg7 59. Qd7+
Kh6 60. Qh3+ Kg6 61. Qh8 a1=Q 62. Qg8+ Kf5 63. Qd5+ Qe5 64. Qd7+ Kg6 65. f4 0-1

[Event "Madrid ch 2021-2022 Semifinal"]
[Site "Madrid ESP"]
[Date "2022.05.09"]
[Round "6.7"]
[White "Rodriguez Melendez, Juan Humberto"]
[Black "Armenteros Peral, Javier"]
[Result "1/2-1/2"]
[WhiteElo "2098"]
[BlackElo "2000"]
[PlyCount "52"]
[EventDate "2022.05.04"]
[EventType "swiss"]
[EventRounds "9"]
[EventCountry "ESP"]
[SourceTitle "Ajedrez en Madrid"]
[Source "lmi"]
[SourceDate "2022.05.04"]
[SourceVersion "1"]
[SourceVersionDate "2022.05.15"]
[SourceQuality "1"]

1. e4 e5 2. Nf3 Nf6 3. d4 exd4 4. e5 Ne4 5. Qxd4 d5 6. exd6 Nxd6 7. Bg5 Nc6 8.
Qc3 f6 9. Bf4 Qe7+ 10. Be2 Qe4 11. Be3 Nf5 12. Nbd2 Qb4 13. Qd3 Nxe3 14. Qxe3+
Be7 15. O-O-O O-O 16. Rhe1 Bf5 17. Nb3 Bd6 18. Nbd4 Nxd4 19. Qxd4 Qxd4 20. Nxd4
Bd7 21. g3 Rfe8 22. f4 g6 23. Bf3 Rxe1 24. Rxe1 Rb8 25. Bd5+ Kg7 26. c3 b6
1/2-1/2

[Event "Madrid ch 2021-2022 Semifinal"]
[Site "Madrid ESP"]
[Date "2022.05.09"]
[Round "6.8"]
[White "Barez Menendez, Hector"]
[Black "Lopez Herrero, Israel"]
[Result "1-0"]
[WhiteElo "2066"]
[BlackElo "1824"]
[PlyCount "105"]
[EventDate "2022.05.04"]
[EventType "swiss"]
[EventRounds "9"]
[EventCountry "ESP"]
[SourceTitle "Ajedrez en Madrid"]
[Source "lmi"]
[SourceDate "2022.05.04"]
[SourceVersion "1"]
[SourceVersionDate "2022.05.15"]
[SourceQuality "1"]

1. Nf3 Nf6 2. c4 g6 3. g3 Bg7 4. Bg2 O-O 5. O-O c5 6. d4 d6 7. dxc5 dxc5 8. Ne5
Qc7 9. Nd3 Bd7 10. Nc3 Bc6 11. Bf4 Qc8 12. Nd5 Bxd5 13. cxd5 Rd8 14. e4 Nh5 15.
Bg5 c4 16. Rc1 Nf6 17. Qd2 Rd7 18. Bxf6 exf6 19. Nf4 Rc7 20. d6 Rc5 21. Nd5 Nc6
22. b4 c3 23. Rxc3 Rxc3 24. Qxc3 Qe6 25. Nc7 Qxd6 26. Nxa8 Qd8 27. b5 Nd4 28.
Qc4 Ne6 29. Bh3 Ng5 30. Bc8 Nf3+ 31. Kg2 Ne5 32. Qc2 Qa5 33. h4 Qb4 34. Bxb7
Qa3 35. f3 Bf8 36. Nc7 Bb4 37. Nd5 Bf8 38. Nxf6+ Kg7 39. Ng4 Nd3 40. Rd1 Nc5
41. Bd5 Na4 42. Qc1 Qb4 43. Qh6+ Kh8 44. Qd2 Nc3 45. Qd4+ Qxd4 46. Rxd4 Nxb5
47. Ra4 Kg7 48. Bc6 Nc3 49. Rxa7 Nd1 50. Bd5 Bc5 51. Rxf7+ Kh8 52. Nf6 Ne3+ 53.
Kh3 1-0

[Event "Madrid ch 2021-2022 Semifinal"]
[Site "Madrid ESP"]
[Date "2022.05.09"]
[Round "6.10"]
[White "Rey Martinez, Jaime"]
[Black "Marcos Herrero, Francisco"]
[Result "1-0"]
[WhiteElo "2055"]
[BlackElo "1939"]
[PlyCount "143"]
[EventDate "2022.05.04"]
[EventType "swiss"]
[EventRounds "9"]
[EventCountry "ESP"]
[SourceTitle "Ajedrez en Madrid"]
[Source "lmi"]
[SourceDate "2022.05.04"]
[SourceVersion "1"]
[SourceVersionDate "2022.05.15"]
[SourceQuality "1"]

1. e4 c5 2. Nf3 Nc6 3. d4 cxd4 4. Nxd4 g6 5. c4 Nf6 6. Nc3 d6 7. Be2 Nxd4 8.
Qxd4 Bg7 9. Be3 O-O 10. Qd3 Bd7 11. O-O Bc6 12. Bd4 Nd7 13. Bxg7 Kxg7 14. Kh1
Qb6 15. b3 Nc5 16. Qc2 a5 17. Rab1 e5 18. Bg4 Qd8 19. Rbd1 Qg5 20. Bh3 Rad8 21.
Nd5 Bxd5 22. Rxd5 Qf4 23. f3 b6 24. Rfd1 Qf6 25. Qd2 Qh4 26. Rxd6 Nb7 27. Rd5
Qf6 28. Kg1 Rb8 29. a3 Rfd8 30. Qc3 Kg8 31. b4 Rxd5 32. Rxd5 axb4 33. axb4 Re8
34. c5 bxc5 35. bxc5 Re7 36. c6 Rc7 37. cxb7 Qb6+ 38. Rc5 Rxc5 39. b8=Q+ Qxb8
40. Qxc5 Qb1+ 41. Kf2 Qb2+ 42. Ke1 Qa1+ 43. Kd2 Qb2+ 44. Qc2 Qd4+ 45. Ke2 Kg7
46. Qd1 Qc4+ 47. Kf2 Qc5+ 48. Kf1 Qc4+ 49. Kg1 Qc5+ 50. Kh1 h5 51. Bd7 h4 52.
Qe1 g5 53. Bf5 Qa3 54. Qf2 Qc1+ 55. Qg1 Qa3 56. Bg4 Qc3 57. g3 hxg3 58. hxg3
Qd3 59. Qg2 Qb3 60. Kh2 Qe3 61. Bf5 Qc1 62. Kh3 Kh6 63. Kg4 Kg7 64. Qh3 Qc6 65.
Qh7+ Kf8 66. Qh8+ Ke7 67. Qxe5+ Kf8 68. Qh8+ Ke7 69. Qg7 Qd6 70. Qxg5+ f6 71.
Qg7+ Ke8 72. Qd7+ 1-0

[Event "Madrid ch 2021-2022 Semifinal"]
[Site "Madrid ESP"]
[Date "2022.05.09"]
[Round "6.11"]
[White "Longa Yauca, Javier"]
[Black "Portero Rubio, Martin"]
[Result "1/2-1/2"]
[WhiteElo "2259"]
[BlackElo "1868"]
[PlyCount "42"]
[EventDate "2022.05.04"]
[EventType "swiss"]
[EventRounds "9"]
[EventCountry "ESP"]
[SourceTitle "Ajedrez en Madrid"]
[Source "lmi"]
[SourceDate "2022.05.04"]
[SourceVersion "1"]
[SourceVersionDate "2022.05.15"]
[SourceQuality "1"]

1. d4 d5 2. c4 c6 3. Nc3 Nf6 4. e3 g6 5. Nf3 Bg7 6. Qb3 O-O 7. Bd2 a6 8. a4 a5
9. Rc1 Na6 10. cxd5 cxd5 11. Be2 Bf5 12. Ne5 Nd7 13. Nxd7 Bxd7 14. Qxb7 Nb4 15.
Nb5 e5 16. O-O exd4 17. Nxd4 Qe7 18. Bb5 Rfd8 19. Rc7 Rdb8 20. Qxb8+ Rxb8 21.
Rxd7 Qg5 1/2-1/2

[Event "Madrid ch 2021-2022 Semifinal"]
[Site "Madrid ESP"]
[Date "2022.05.09"]
[Round "6.12"]
[White "Neagu, Roberto Florin"]
[Black "Bello Burguet, Glenier Lazaro"]
[Result "1-0"]
[WhiteElo "2076"]
[BlackElo "1993"]
[PlyCount "53"]
[EventDate "2022.05.04"]
[EventType "swiss"]
[EventRounds "9"]
[EventCountry "ESP"]
[SourceTitle "Ajedrez en Madrid"]
[Source "lmi"]
[SourceDate "2022.05.04"]
[SourceVersion "1"]
[SourceVersionDate "2022.05.15"]
[SourceQuality "1"]

1. d4 Nf6 2. Nf3 e6 3. c4 Bb4+ 4. Bd2 Qe7 5. a3 Bxd2+ 6. Qxd2 O-O 7. Nc3 d6 8.
g4 d5 9. Qf4 dxc4 10. Ne5 Nd5 11. Qf3 Nxc3 12. Qxc3 c5 13. dxc5 Qxc5 14. Bg2
Nd7 15. Nxc4 Rb8 16. b4 Qc7 17. Rc1 b6 18. Qd2 Nf6 19. O-O Rd8 20. Qb2 Nxg4 21.
f4 Qe7 22. h3 Nf6 23. Ne5 Bb7 24. Bxb7 Qxb7 25. Nc6 Ne4 26. Nxb8 Rd2 27. Rfd1
1-0